[Event "Valasska Bystrice Open"]
[Site "?"]
[Date "2011.09.11"]
[Round "3.18"]
[White "Musil, Vitezslav"]
[Black "Sedivy, Ondrej"]
[Result "1-0"]
[WhiteElo "2005"]
[BlackElo "1782"]
[PlyCount "101"]
[EventDate "2011.09.10"]

1. e4 e6 2. d4 d5 3. Nc3 Nf6 4. Bg5 Be7 5. e5 Nfd7 6. h4 O-O 7. Bd3 f6 8. exf6
Nxf6 9. Nf3 c5 10. Bxf6 Bxf6 11. dxc5 Qa5 12. O-O Qxc5 13. Ng5 g6 14. Nxh7 Kxh7
15. Qh5+ Kg8 16. Qxg6+ Bg7 17. h5 Rf6 18. Qh7+ Kf8 19. Bg6 Rf4 20. g3 Rf3 21.
Kg2 Rxc3 22. bxc3 Qxc3 23. h6 Qf6 24. hxg7+ Qxg7 25. Rad1 Nc6 26. Qxg7+ Kxg7
27. Bd3 e5 28. f3 Bd7 29. Rh1 Ne7 30. Rh5 Kf6 31. Rdh1 Rg8 32. Rh6+ Ng6 33. c3
Bc6 34. Rxg6+ Rxg6 35. Bxg6 Kxg6 36. Kf2 Kf6 37. Ke3 Kg5 38. Rh8 Kf5 39. Rf8+
Kg6 40. Ra8 a6 41. Rb8 Kg5 42. f4+ exf4+ 43. gxf4+ Kf5 44. Rg8 Bb5 45. Rg5+ Ke6
46. Kd4 Bc6 47. a3 b6 48. Rg6+ Kd7 49. Ke5 b5 50. Rg7+ Kc8 51. Kd6 1-0

[Event "Valasska Bystrice Open"]
[Site "?"]
[Date "2011.09.11"]
[Round "3.19"]
[White "Kolasin, Jan"]
[Black "Konvicka, Martin"]
[Result "1-0"]
[WhiteElo "2001"]
[BlackElo "1772"]
[PlyCount "59"]
[EventDate "2011.09.10"]

1. Nf3 Nf6 2. g3 g6 3. Bg2 Bg7 4. O-O O-O 5. d3 d6 6. c4 e5 7. Nc3 Nc6 8. Rb1
a5 9. a3 h6 10. Bd2 Be6 11. Qc1 Kh7 12. b4 axb4 13. axb4 Qd7 14. b5 Ne7 15. c5
Nh5 16. Ne4 f5 17. c6 bxc6 18. bxc6 Nxc6 19. Neg5+ hxg5 20. Nxg5+ Kh8 21. Bxc6
Qe7 22. Bxa8 Rxa8 23. Nxe6 Qxe6 24. Qxc7 Ra2 25. Rb8+ Kh7 26. Bb4 d5 27. Bf8
Rxe2 28. Bxg7 Nxg7 29. Qd8 g5 30. Rfb1 1-0

[Event "Valasska Bystrice Open"]
[Site "?"]
[Date "2011.09.11"]
[Round "3.20"]
[White "Pys, Zbynek"]
[Black "Koller, Martin"]
[Result "1/2-1/2"]
[WhiteElo "1987"]
[BlackElo "1758"]
[PlyCount "83"]
[EventDate "2011.09.10"]

1. Nf3 Nf6 2. d4 g6 3. g3 Bg7 4. Bg2 O-O 5. O-O d5 6. Nbd2 Ne4 7. c3 f5 8. Qb3
c6 9. c4 e6 10. e3 Nd7 11. Ne1 Kh8 12. f3 Nxd2 13. Bxd2 dxc4 14. Qxc4 e5 15.
Bc3 Nb6 16. Qd3 exd4 17. exd4 Be6 18. b3 Nd5 19. Rd1 f4 20. g4 Ne3 21. Nc2 Nxd1
22. Rxd1 a5 23. a3 Qd5 24. b4 a4 25. h3 Rae8 26. Bf1 b5 27. Kg2 Bf7 28. Qd2 Qd6
29. Bd3 Bd5 30. Qf2 Re3 31. Nxe3 fxe3 32. Qxe3 Rxf3 33. Qxf3 Bxf3+ 34. Kxf3
Qd5+ 35. Be4 Qb3 36. Rd3 Qf7+ 37. Ke2 Qa2+ 38. Bd2 Qc4 39. Be3 Qa2+ 40. Bd2 Qc4
41. Be3 Qa2+ 42. Bd2 1/2-1/2

[Event "Valasska Bystrice Open"]
[Site "?"]
[Date "2011.09.11"]
[Round "3.21"]
[White "Parak, Frantisek"]
[Black "Olsar, Zdenek"]
[Result "0-1"]
[WhiteElo "1758"]
[BlackElo "1985"]
[PlyCount "70"]
[EventDate "2011.09.10"]

1. e4 c5 2. Nf3 e6 3. d4 cxd4 4. Nxd4 Nc6 5. Be3 Nf6 6. Nc3 Qc7 7. Be2 a6 8.
Qd2 Bb4 9. f3 d5 10. Nxc6 bxc6 11. Bg5 Nd7 12. a3 Bd6 13. exd5 cxd5 14. g3 Rb8
15. Rb1 Be5 16. O-O d4 17. Ne4 h6 18. Bf4 Bxf4 19. Qxf4 e5 20. Qd2 O-O 21. Bd3
f5 22. Nf2 Nf6 23. Rfe1 Nd5 24. Nd1 f4 25. Be4 Bb7 26. c3 Qb6 27. Kg2 Ne3+ 28.
Nxe3 Bxe4 29. fxe4 fxe3 30. Qd3 Rf2+ 31. Kg1 Rbf8 32. cxd4 exd4 33. b4 Qe6 34.
Rf1 Qh3 35. Rxf2 exf2+ 0-1

[Event "Valasska Bystrice Open"]
[Site "?"]
[Date "2011.09.11"]
[Round "3.22"]
[White "Tejkal, Jiri"]
[Black "Sabolova, Kristyna"]
[Result "0-1"]
[WhiteElo "1978"]
[BlackElo "1734"]
[PlyCount "92"]
[EventDate "2011.09.10"]

1. d4 d5 2. Nf3 Nf6 3. Bf4 e6 4. e3 Bd6 5. Bg3 O-O 6. Bd3 c5 7. c3 Nc6 8. Nbd2
b6 9. Ne5 Bb7 10. O-O Qe7 11. f4 Nd7 12. Ndf3 f5 13. Bh4 Nf6 14. Nxc6 Bxc6 15.
Ne5 Qc7 16. Bxf6 Rxf6 17. Kh1 Bxe5 18. fxe5 Rh6 19. Qe2 Rf8 20. Bb5 Bxb5 21.
Qxb5 g5 22. a4 Qf7 23. Qe2 c4 24. a5 b5 25. a6 g4 26. g3 Rh3 27. Rf2 h5 28. Kg1
h4 29. Rg2 Qh5 30. gxh4 Qxh4 31. Qf2 Qxf2+ 32. Kxf2 Kf7 33. Ra5 Rb8 34. Ke2 Ke7
35. Kd2 Kd7 36. Re2 Kc6 37. Ra1 Rbh8 38. Rg1 Rxh2 39. Reg2 Rxg2+ 40. Rxg2 Rh3
41. Ke2 Kb6 42. Kd2 Kxa6 43. Ke2 Kb6 44. Kf2 a5 45. Kg1 Rxe3 46. Rh2 Rh3 0-1

[Event "Valasska Bystrice Open"]
[Site "?"]
[Date "2011.09.11"]
[Round "3.23"]
[White "Vinklarek, Robert"]
[Black "Belunek, Zdenek"]
[Result "0-1"]
[WhiteElo "1685"]
[BlackElo "1976"]
[PlyCount "34"]
[EventDate "2011.09.10"]

1. d4 d5 2. c4 e6 3. Bf4 c6 4. Bxb8 Rxb8 5. e3 Bd6 6. Nf3 f5 7. Nc3 Nf6 8. Be2
O-O 9. O-O Ne4 10. Rc1 Rf6 11. Qb3 Rh6 12. g3 Qf6 13. cxd5 exd5 14. Nxe4 fxe4
15. Nd2 Qg6 16. f3 Bxg3 17. Nxe4 Rxh2 0-1

[Event "Valasska Bystrice Open"]
[Site "?"]
[Date "2011.09.11"]
[Round "3.24"]
[White "Kozojed, Vlastislav"]
[Black "Romanek, Zdenek"]
[Result "1-0"]
[WhiteElo "1966"]
[BlackElo "1722"]
[PlyCount "63"]
[EventDate "2011.09.10"]

1. d4 Nf6 2. c4 g6 3. Nc3 d5 4. cxd5 Nxd5 5. e4 Nxc3 6. bxc3 Bg7 7. Bc4 c5 8.
Ne2 cxd4 9. cxd4 O-O 10. O-O Nc6 11. Be3 e5 12. d5 Na5 13. Bb5 a6 14. Bd3 Re8
15. Rb1 b5 16. a4 Nc4 17. Bxc4 bxc4 18. Qc2 f5 19. f3 f4 20. Bb6 Qg5 21. Qxc4
Kh8 22. Kh1 h5 23. Qc6 Rg8 24. Qxa8 Bh3 25. Qxg8+ Kxg8 26. gxh3 Qe7 27. Ng1 h4
28. Rfd1 g5 29. d6 Qd7 30. a5 Bf6 31. Rbc1 Qa4 32. d7 1-0

[Event "Valasska Bystrice Open"]
[Site "?"]
[Date "2011.09.11"]
[Round "3.25"]
[White "Malcanek, Jan"]
[Black "Prokopova, Jirina"]
[Result "1-0"]
[WhiteElo "1943"]
[BlackElo "1709"]
[PlyCount "47"]
[EventDate "2011.09.10"]

1. e4 e6 2. d4 d5 3. Nd2 Nf6 4. e5 Nfd7 5. f4 c5 6. c3 Nc6 7. Ndf3 a6 8. Ne2 b5
9. g3 Be7 10. Bg2 Bb7 11. O-O Rc8 12. Be3 O-O 13. g4 f6 14. Ng3 cxd4 15. cxd4
Nb4 16. Rf2 Qe8 17. exf6 Bxf6 18. Qb3 Nc6 19. Re1 Nb6 20. Qd1 Nc4 21. Bc1 Qg6
22. g5 Bd8 23. Bh3 Re8 24. Rfe2 1-0

[Event "Valasska Bystrice Open"]
[Site "?"]
[Date "2011.09.11"]
[Round "3.31"]
[White "Bambusek, Vladislav"]
[Black "Veselsky, Frantisek"]
[Result "0-1"]
[WhiteElo "1713"]
[BlackElo "1979"]
[PlyCount "72"]
[EventDate "2011.09.10"]

1. e4 d5 2. exd5 Qxd5 3. Nc3 Qa5 4. Nf3 Bf5 5. Be2 e6 6. a3 c6 7. O-O Nf6 8. d3
Bd6 9. h3 Nbd7 10. Be3 Qc7 11. Nh4 Bg6 12. f4 O-O-O 13. b4 Nb6 14. Qd2 Nbd5 15.
g3 Nxc3 16. Qxc3 Nd5 17. Qd2 Nxe3 18. Qxe3 c5 19. c3 Be7 20. Ng2 h5 21. h4 Rd7
22. Kh2 Bf5 23. Rfd1 Rhd8 24. Rac1 f6 25. Ne1 g5 26. fxg5 fxg5 27. hxg5 h4 28.
Ng2 hxg3+ 29. Kg1 Rg8 30. Ra1 Rxg5 31. bxc5 Bxc5 32. d4 Be7 33. Bf3 e5 34. Re1
Bg6 35. Kf1 Qc4+ 36. Qe2 Bd3 0-1

[Event "Valasska Bystrice Open"]
[Site "?"]
[Date "2011.09.11"]
[Round "3.32"]
[White "Oktavec, Ivan"]
[Black "Novak, Zdenek"]
[Result "1-0"]
[WhiteElo "1713"]
[BlackElo "1853"]
[PlyCount "72"]
[EventDate "2011.09.10"]

1. d4 d5 2. c4 c6 3. Nf3 Nf6 4. Nc3 g6 5. e3 Bg7 6. Bd3 dxc4 7. Bxc4 Bg4 8. Qb3
O-O 9. Ne5 Be6 10. Bxe6 fxe6 11. Qxe6+ Kh8 12. Nf7+ Rxf7 13. Qxf7 Nbd7 14. O-O
e5 15. Qb3 Qc7 16. h3 exd4 17. exd4 Rf8 18. Be3 Nb6 19. Rac1 Qd7 20. Rfe1 Nfd5
21. Nxd5 cxd5 22. Qb4 Nc4 23. Bg5 Qf5 24. h4 Bxd4 25. Rf1 Bxb2 26. Rxc4 dxc4
27. Qxb2+ Kg8 28. Qd4 Qf7 29. Re1 c3 30. Bh6 Rc8 31. Qxa7 c2 32. Qa3 Re8 33.
Rxe8+ Qxe8 34. Qb3+ Qf7 35. Qxc2 Qe7 36. Qc4+ Kh8 1-0

[Event "Valasska Bystrice Open"]
[Site "?"]
[Date "2011.09.11"]
[Round "3.33"]
[White "Kamarad, Frantisek"]
[Black "Micka, Jaroslav"]
[Result "0-1"]
[WhiteElo "1577"]
[BlackElo "1835"]
[PlyCount "60"]
[EventDate "2011.09.10"]

1. e4 e6 2. Nc3 d5 3. Nf3 Nf6 4. Bd3 c5 5. b3 Nc6 6. Bb2 d4 7. Ne2 e5 8. c3 Bd6
9. h3 O-O 10. g3 h6 11. Nh4 a6 12. Qc2 Re8 13. f4 exf4 14. gxf4 Nxe4 15. Nf3
dxc3 16. dxc3 Nf6 17. O-O-O Qc7 18. Kb1 b5 19. c4 Nb4 20. Qd2 Be7 21. Ne5 Bb7
22. Rhg1 Nxd3 23. Qxd3 Be4 24. Qxe4 Nxe4 25. Nd7 f6 26. Rg6 Kf7 27. Ne5+ fxe5
28. Bxe5 Qxe5 29. fxe5 Kxg6 30. Nf4+ Kf5 0-1

[Event "Valasska Bystrice Open"]
[Site "?"]
[Date "2011.09.11"]
[Round "3.34"]
[White "Horak, Karel"]
[Black "Glacner, Karel"]
[Result "1-0"]
[WhiteElo "1828"]
[BlackElo "1669"]
[PlyCount "110"]
[EventDate "2011.09.10"]

1. e4 c5 2. Nf3 d6 3. d4 cxd4 4. Nxd4 Nf6 5. Nc3 a6 6. Be3 e6 7. Be2 b6 8. f4
Qc7 9. O-O Bb7 10. Bf3 Nbd7 11. Nb3 Be7 12. Kh1 O-O 13. g4 Rfd8 14. g5 Ne8 15.
Qe1 Rdc8 16. Rc1 Rab8 17. h4 Ba8 18. Qg3 Nf8 19. h5 f6 20. Nd4 Qd7 21. Rg1 fxg5
22. fxg5 Nc7 23. Rcf1 b5 24. b3 b4 25. Na4 Nb5 26. Qf2 Nc3 27. Nxc3 bxc3 28. g6
Bf6 29. gxh7+ Kxh7 30. h6 g6 31. Qg2 Rc5 32. Nxe6 Qxe6 33. Bxc5 dxc5 34. Qg4
Qe5 35. Qg3 Qe8 36. Qf4 Be5 37. Qg5 Qe6 38. Qg4 Qe7 39. Re1 Rb6 40. Bg2 Qe6 41.
Bh3 Qxg4 42. Bxg4 Kxh6 43. Rgf1 Nh7 44. Rf7 Ng5 45. Re7 Bg3 46. Re3 Bf2 47. Re2
Bd4 48. Rh2+ Nh3 49. Rxh3+ Kg5 50. Bf3 Kf4 51. Kg2 Ke3 52. Kf1 Rf6 53. Kg2 Kd2
54. Ra7 Bc6 55. Rxa6 Bd7 1-0

[Event "Valasska Bystrice Open"]
[Site "?"]
[Date "2011.09.11"]
[Round "3.35"]
[White "Matas, Stanislav"]
[Black "Klima, Martin"]
[Result "1/2-1/2"]
[WhiteElo "1764"]
[BlackElo "1655"]
[PlyCount "30"]
[EventDate "2011.09.10"]

1. e4 c5 2. Nf3 Nc6 3. d4 cxd4 4. Nxd4 Nf6 5. Nc3 e5 6. Ndb5 d6 7. Be3 a6 8.
Na3 b5 9. Nd5 Rb8 10. Bg5 Be7 11. Bxf6 Bxf6 12. c4 Bg5 13. cxb5 Qa5+ 14. Nc3
Nd4 15. Nc2 Nxb5 1/2-1/2

[Event "Valasska Bystrice Open"]
[Site "?"]
[Date "2011.09.11"]
[Round "3.39"]
[White "Capil, Dalibor"]
[Black "Plasek, Radim"]
[Result "0-1"]
[WhiteElo "1461"]
[BlackElo "1957"]
[PlyCount "70"]
[EventDate "2011.09.10"]

1. e4 e6 2. f4 d5 3. e5 c5 4. d4 Qb6 5. Nf3 Nc6 6. c3 Nh6 7. Qb3 Qxb3 8. axb3
cxd4 9. Nxd4 Nxd4 10. cxd4 Nf5 11. Bb5+ Bd7 12. Bxd7+ Kxd7 13. Bd2 Nxd4 14. O-O
Nxb3 15. Ra4 Bc5+ 16. Kh1 Nxd2 17. Nxd2 Rhc8 18. b4 b5 19. Ra2 Bxb4 20. Nf3 Rc4
21. g3 a5 22. Rd1 Bc5 23. Nd2 Rd4 24. Rc1 Bb6 25. Rac2 a4 26. Ra2 Rc8 27. Rb1
Rc5 28. Nf3 Rdc4 29. Rbb2 Ba5 30. Kg2 Rb4 31. Rd2 Rc3 32. Nd4 a3 33. Ne2 Rcb3
34. Nc1 Rb2 35. Rdxb2 axb2 0-1

[Event "Valasska Bystrice Open"]
[Site "?"]
[Date "2011.09.11"]
[Round "3.40"]
[White "Luzikova, Nicola"]
[Black "Mlady, Pavel"]
[Result "1-0"]
[WhiteElo "1781"]
[BlackElo "1429"]
[PlyCount "43"]
[EventDate "2011.09.10"]

1. d4 Nf6 2. c4 e5 3. dxe5 Ng4 4. Bf4 Bc5 5. e3 Nc6 6. Qxg4 Bb4+ 7. Nc3 d5 8.
Qxg7 Rf8 9. O-O-O Bxc3 10. bxc3 Qe7 11. Kb2 Bf5 12. cxd5 Qc5 13. f3 Qb6+ 14.
Ka1 Bc2 15. Rc1 Na5 16. Rxc2 Nb3+ 17. axb3 Qxb3 18. Qxh7 Qa3+ 19. Kb1 Qb3+ 20.
Kc1 Qxd5 21. Qe4 Qb3 22. Qb4 1-0

[Event "Valasska Bystrice Open"]
[Site "?"]
[Date "2011.09.12"]
[Round "4.1"]
[White "Obsivac, Josef"]
[Black "Parak, Dominik"]
[Result "1/2-1/2"]
[WhiteElo "2274"]
[BlackElo "2160"]
[PlyCount "141"]
[EventDate "2011.09.10"]

1. d4 d5 2. c4 e6 3. Nc3 Nf6 4. Bg5 Be7 5. Nf3 O-O 6. e3 c6 7. Qc2 Nbd7 8. Rd1
Re8 9. a3 Qa5 10. Bd3 h6 11. Bh4 dxc4 12. Bxc4 b5 13. Be2 Bb7 14. O-O a6 15.
Ra1 Qb6 16. a4 Rac8 17. Qb3 Qd8 18. Rfd1 Qc7 19. Rac1 b4 20. Nb1 a5 21. Nbd2
Nb6 22. Bg3 Bd6 23. Bxd6 Qxd6 24. Rc5 Ra8 25. Rcc1 Rec8 26. e4 Nfd7 27. Nc4
Nxc4 28. Bxc4 Qe7 29. Qd3 Rd8 30. Qe3 Qf6 31. b3 Qe7 32. h3 Qf6 33. Nd2 Qe7 34.
Nf3 Qf6 35. Bf1 Qe7 36. Nd2 Qg5 37. f4 Qe7 38. Qf2 Qf8 39. Qe3 Qe7 40. Kf2 Qh4+
41. Kg1 Qe7 42. Nf3 Qf6 43. e5 Qe7 44. Bd3 Nb6 45. Be4 Nd5 46. Bxd5 Rxd5 47.
Rc5 Rad8 48. Rdc1 Rxc5 49. Rxc5 Rd5 50. Rxd5 cxd5 51. Qc1 Ba6 52. Kf2 Qa7 53.
Ke3 Qb6 54. g4 Bb7 55. Qc5 Qxc5 56. dxc5 Kf8 57. Nd4 Ke8 58. f5 Kd7 59. h4 g6
60. f6 Ba6 61. g5 hxg5 62. hxg5 Bb7 63. Nb5 d4+ 64. Kxd4 Bd5 65. Nd6 Bxb3 66.
Nxf7 Bxa4 67. Nd6 Bc6 68. Nc4 a4 69. Nb6+ Ke8 70. Kc4 a3 71. Kb3 1/2-1/2

[Event "Valasska Bystrice Open"]
[Site "?"]
[Date "2011.09.12"]
[Round "4.2"]
[White "Volodin, Viktor"]
[Black "Vorobyov, Yrij"]
[Result "1-0"]
[WhiteElo "2210"]
[BlackElo "2155"]
[PlyCount "45"]
[EventDate "2011.09.10"]

1. Nf3 d5 2. d4 Bf5 3. c4 e6 4. Nc3 c6 5. Qb3 Qb6 6. c5 Qc7 7. Bf4 Qc8 8. Nh4
Bg4 9. h3 Bh5 10. g4 Bg6 11. Nxg6 hxg6 12. Bg2 f5 13. g5 Nd7 14. e3 b6 15. cxb6
axb6 16. O-O Ne7 17. Rfc1 Qb7 18. Nb5 cxb5 19. Rc7 Qa6 20. Bf1 Qa4 21. Qxb5
Qxb5 22. Bxb5 Rd8 23. Rac1 1-0

[Event "Valasska Bystrice Open"]
[Site "?"]
[Date "2011.09.12"]
[Round "4.3"]
[White "Horak, Karel"]
[Black "Vrana, Frantisek"]
[Result "0-1"]
[WhiteElo "2051"]
[BlackElo "2249"]
[PlyCount "61"]
[EventDate "2011.09.10"]

1. e4 e6 2. d4 d5 3. Nd2 dxe4 4. Nxe4 Nd7 5. Nf3 Ngf6 6. Nxf6+ Nxf6 7. c3 Be7
8. Bd3 O-O 9. O-O b6 10. Re1 Bb7 11. Bg5 c5 12. Bxf6 Bxf6 13. Ne5 cxd4 14. cxd4
Qd6 15. Re3 g6 16. Be4 Bxe4 17. Rxe4 Rac8 18. Qe2 Rc7 19. h4 Rfc8 20. h5 Bg7
21. hxg6 Rc1+ 22. Rxc1 Rxc1+ 23. Kh2 hxg6 24. Qe3 Qc7 25. Qf4 Rc2 26. Re3 Rxb2
27. Ra3 Re2 28. g3 Bxe5 29. dxe5 Rxe5 30. Kg2 Qc6+ 31. Kf1 0-1

[Event "Valasska Bystrice Open"]
[Site "?"]
[Date "2011.09.12"]
[Round "4.4"]
[White "Cagasik, Tomas"]
[Black "Moravec, Vit"]
[Result "1/2-1/2"]
[WhiteElo "2296"]
[BlackElo "2144"]
[PlyCount "72"]
[EventDate "2011.09.10"]

1. e4 c5 2. Na3 e6 3. c3 Nc6 4. d3 Nf6 5. Bf4 d6 6. Be2 Be7 7. h3 O-O 8. Nf3 a6
9. Nc2 b5 10. O-O Bb7 11. Re1 a5 12. Bf1 b4 13. a3 bxc3 14. bxc3 a4 15. Rb1 Na5
16. Nd2 d5 17. c4 d4 18. Qf3 Bc6 19. g4 Bd6 20. Qg3 Bxf4 21. Qxf4 Rb8 22. e5
Nd7 23. Bg2 Bxg2 24. Kxg2 Qc7 25. Rb5 Rxb5 26. cxb5 Qb7+ 27. Qe4 Qxb5 28. Rb1
Nb3 29. Nc4 Qa6 30. f4 Qa8 31. Qxa8 Rxa8 32. Kf2 Rb8 33. Ke2 Kf8 34. Ne1 Nb6
35. Nxb6 Rxb6 36. Nf3 Ke7 1/2-1/2

[Event "Valasska Bystrice Open"]
[Site "?"]
[Date "2011.09.12"]
[Round "4.5"]
[White "Karlik, Vladimir"]
[Black "Michalcak, Lubomir"]
[Result "1-0"]
[WhiteElo "2286"]
[BlackElo "2100"]
[PlyCount "47"]
[EventDate "2011.09.10"]

1. e4 c6 2. Nf3 d5 3. exd5 cxd5 4. Ne5 Nf6 5. d4 Nc6 6. Bb5 Bd7 7. Nxd7 Qxd7 8.
c3 e6 9. Nd2 Be7 10. O-O O-O 11. Qe2 a6 12. Bd3 Qc7 13. f4 Bd6 14. g3 b5 15.
Nf3 Rfe8 16. Ne5 Rab8 17. a4 Qb6 18. g4 Bxe5 19. fxe5 Nd7 20. Kh1 Na5 21. axb5
axb5 22. Qf2 Rf8 23. Qh4 h6 24. Bxh6 1-0

[Event "Valasska Bystrice Open"]
[Site "?"]
[Date "2011.09.12"]
[Round "4.6"]
[White "Balacek, Tadeas"]
[Black "Hrabal, Michal"]
[Result "1-0"]
[WhiteElo "2245"]
[BlackElo "2046"]
[PlyCount "63"]
[EventDate "2011.09.10"]

1. Nf3 d6 2. d4 Nf6 3. c4 g6 4. Nc3 Bg7 5. e4 O-O 6. Be2 e5 7. O-O Nc6 8. d5
Ne7 9. Ne1 Nd7 10. Nd3 f5 11. Bd2 Nf6 12. f3 f4 13. c5 g5 14. Rc1 h5 15. Nb5
Ne8 16. Qc2 Bd7 17. Nf2 Kh8 18. a4 Rf6 19. cxd6 cxd6 20. Qb3 Rg6 21. h3 g4 22.
fxg4 hxg4 23. hxg4 Ng8 24. Rc2 Ngf6 25. Rfc1 Nxg4 26. Bxg4 Bxg4 27. Nxg4 Rxg4
28. Be1 Qg5 29. Qf3 Qg6 30. Rc8 Rxc8 31. Rxc8 Rg5 32. Nc7 1-0

[Event "Valasska Bystrice Open"]
[Site "?"]
[Date "2011.09.12"]
[Round "4.7"]
[White "Maly, Marek"]
[Black "Riska, Lubomir"]
[Result "1/2-1/2"]
[WhiteElo "1996"]
[BlackElo "2232"]
[PlyCount "31"]
[EventDate "2011.09.10"]

1. d4 Nf6 2. c4 e6 3. Nc3 d5 4. Nf3 Nbd7 5. Bg5 c6 6. e3 Qa5 7. Nd2 dxc4 8.
Bxf6 Nxf6 9. Bxc4 Qc7 10. Rc1 Be7 11. O-O O-O 12. Qe2 Rd8 13. Rfd1 Bd7 14. Nde4
Nxe4 15. Nxe4 Rac8 16. Nc5 1/2-1/2

[Event "Valasska Bystrice Open"]
[Site "?"]
[Date "2011.09.12"]
[Round "4.8"]
[White "Cizinsky, Petr"]
[Black "Snyta, Zdenek"]
[Result "1-0"]
[WhiteElo "2178"]
[BlackElo "2076"]
[PlyCount "71"]
[EventDate "2011.09.10"]

1. d3 d5 2. g3 e5 3. Nf3 Bd6 4. Bg2 Ne7 5. Nbd2 f5 6. c4 c6 7. O-O O-O 8. a3
Nd7 9. b4 Nf6 10. Qb3 Kh8 11. Bb2 e4 12. Nd4 Ng4 13. cxd5 cxd5 14. dxe4 fxe4
15. h3 Nf6 16. Rac1 Bd7 17. e3 Ng6 18. Ne2 Bb5 19. Rfe1 Ne5 20. Nf4 Nc4 21.
Nxc4 Bxf4 22. gxf4 Bxc4 23. Qc3 b5 24. Qd4 Qd7 25. Red1 Qf7 26. Qe5 Rac8 27.
Kh1 Rc6 28. Rg1 Nd7 29. Qd4 Nb6 30. Bxe4 Rf6 31. Bf3 Qd7 32. Rg3 Rg6 33. Rcg1
Rf7 34. Kh2 Qf5 35. Bg4 Qc2 36. Bh5 1-0

[Event "Valasska Bystrice Open"]
[Site "?"]
[Date "2011.09.12"]
[Round "4.9"]
[White "Fiala, Jan"]
[Black "Mrva, Vladimir"]
[Result "0-1"]
[WhiteElo "1932"]
[BlackElo "2157"]
[PlyCount "52"]
[EventDate "2011.09.10"]

1. e4 e5 2. Nf3 Nc6 3. Bc4 Bc5 4. c3 Nf6 5. d4 exd4 6. cxd4 Bb4+ 7. Bd2 Bxd2+
8. Nbxd2 d5 9. exd5 Nxd5 10. Qb3 Nce7 11. O-O O-O 12. Rfe1 c6 13. a4 a5 14. Ne4
Nb4 15. Nc5 Ned5 16. Ne5 Qd6 17. Re2 b6 18. Ne4 Qh6 19. Ng3 Be6 20. Re4 Rad8
21. Rae1 b5 22. Nxf7 Bxf7 23. Nf5 Qf6 24. Ne7+ Kh8 25. Nxd5 Bxd5 26. Bxd5 Qxf2+
0-1

[Event "Valasska Bystrice Open"]
[Site "?"]
[Date "2011.09.12"]
[Round "4.10"]
[White "Bartosek, Ivan"]
[Black "Juricek, Stanislav"]
[Result "0-1"]
[WhiteElo "1928"]
[BlackElo "2131"]
[PlyCount "70"]
[EventDate "2011.09.10"]

1. e4 d6 2. f4 Nf6 3. e5 Nd5 4. Bc4 Nb6 5. Bb3 c5 6. c3 Nc6 7. Nf3 c4 8. Bc2 g6
9. b3 dxe5 10. fxe5 Bg4 11. h3 Bxf3 12. Qxf3 Nxe5 13. Qxb7 Nd3+ 14. Bxd3 Qxd3
15. Qc6+ Qd7 16. Qxd7+ Kxd7 17. O-O f5 18. bxc4 Nxc4 19. a4 e5 20. d3 Bc5+ 21.
Kh1 Nd6 22. Nd2 Rab8 23. Nf3 Nf7 24. d4 exd4 25. Nxd4 Rhe8 26. g4 Bxd4 27. cxd4
Nd6 28. Bf4 fxg4 29. Bxd6 Kxd6 30. hxg4 Rb4 31. Rf7 Re7 32. Raf1 Rxa4 33. Rf8
Rxd4 34. R1f6+ Ke5 35. g5 Rh4+ 0-1

[Event "Valasska Bystrice Open"]
[Site "?"]
[Date "2011.09.12"]
[Round "4.11"]
[White "Smilek, Petr"]
[Black "Kunc, Miroslav"]
[Result "1/2-1/2"]
[WhiteElo "1917"]
[BlackElo "2094"]
[PlyCount "114"]
[EventDate "2011.09.10"]

1. e4 e6 2. d4 d5 3. Nc3 Bb4 4. e5 c5 5. Bd2 Bxc3 6. Bxc3 b6 7. Qg4 g6 8. Nh3
Nc6 9. O-O-O f5 10. exf6 Nxf6 11. Qh4 c4 12. Bxc4 Ne4 13. Qxd8+ Kxd8 14. Bb5
Kc7 15. f3 Nd6 16. Bd3 b5 17. Rhe1 a5 18. Ng5 b4 19. Bd2 Nxd4 20. Bf4 Rf8 21.
Bxd6+ Kxd6 22. Nxh7 Rf7 23. Bxg6 Rg7 24. Rxd4 Rxg6 25. Rg4 Rh6 26. Ng5 Rxh2 27.
Nf7+ Kc5 28. Ne5 Ra7 29. Kd2 Kd6 30. Rg6 Rah7 31. f4 R7h5 32. c3 Rf5 33. Rf1
Ba6 34. Rf2 Rh1 35. cxb4 axb4 36. Kc2 Re1 37. g4 Rfxe5 38. fxe5+ Kxe5 39. Rff6
Kd4 40. Rxe6 Bd3+ 41. Kd2 Rb1 42. Rg7 Rxb2+ 43. Kc1 Rc2+ 44. Kd1 Rxa2 45. Rb7
b3 46. Reb6 Bc4 47. Rxb3 Bxb3+ 48. Rxb3 Rg2 49. Ra3 Ke4 50. Ra4+ d4 51. Ra8
Rxg4 52. Ra3 Rg2 53. Rb3 Ra2 54. Rh3 Kd5 55. Rh5+ Kc4 56. Rh3 Rb2 57. Rg3 Rb3
1/2-1/2

[Event "Valasska Bystrice Open"]
[Site "?"]
[Date "2011.09.12"]
[Round "4.12"]
[White "Foukal, Jiri"]
[Black "Simek, Jiri"]
[Result "0-1"]
[WhiteElo "1915"]
[BlackElo "2058"]
[PlyCount "26"]
[EventDate "2011.09.10"]

1. e4 e5 2. f4 exf4 3. Nf3 g5 4. h4 g4 5. Ne5 Nf6 6. Bc4 d5 7. exd5 Bd6 8. d4
Nh5 9. Nxg4 Ng3 10. Rh2 Qe7+ 11. Kf2 h5 12. Ne5 Bxe5 13. dxe5 Qc5+ 0-1

[Event "Valasska Bystrice Open"]
[Site "?"]
[Date "2011.09.12"]
[Round "4.13"]
[White "Alfimov, Igor"]
[Black "Musil, Vitezslav"]
[Result "1-0"]
[WhiteElo "1888"]
[BlackElo "2005"]
[PlyCount "79"]
[EventDate "2011.09.10"]

1. d4 Nf6 2. c4 g6 3. Nc3 Bg7 4. e4 d6 5. Nf3 O-O 6. Be2 e5 7. d5 Nbd7 8. Bg5
h6 9. Bh4 g5 10. Bg3 Nh5 11. h4 Nxg3 12. fxg3 g4 13. Nh2 h5 14. O-O Nf6 15. b4
Nh7 16. Bd3 c6 17. Kh1 Nf6 18. Qe2 Bd7 19. Rf2 a5 20. b5 cxb5 21. Nxb5 Ne8 22.
Rb1 Bh6 23. Nf1 Bc8 24. Ne3 Ng7 25. Rbf1 Bf4 26. Rxf4 exf4 27. Rxf4 Qe7 28. Nd4
f6 29. Nef5 Bxf5 30. Nxf5 Nxf5 31. Rxf5 Qe8 32. Qf2 Qf7 33. Qb6 Ra6 34. Qe3 Kg7
35. c5 dxc5 36. Bxa6 bxa6 37. Qxc5 Qb7 38. Rxh5 Qb1+ 39. Kh2 Qxe4 40. d6 1-0

[Event "Valasska Bystrice Open"]
[Site "?"]
[Date "2011.09.12"]
[Round "4.14"]
[White "Jurca, Marek"]
[Black "Kolasin, Jan"]
[Result "1/2-1/2"]
[WhiteElo "1865"]
[BlackElo "2001"]
[PlyCount "84"]
[EventDate "2011.09.10"]

1. d4 Nf6 2. c4 g6 3. Nc3 Bg7 4. e4 d6 5. f3 O-O 6. Be3 e5 7. Nge2 Nc6 8. Qd2
a6 9. d5 Ne7 10. g4 Ne8 11. O-O-O b5 12. c5 f5 13. gxf5 gxf5 14. Kb1 Nf6 15.
Bg2 fxe4 16. fxe4 Ng4 17. Ng3 b4 18. cxd6 Qxd6 19. Na4 Nxe3 20. Qxe3 Bd7 21.
Nc5 Bh6 22. Qg1 Bg4 23. Bf3 Rxf3 24. Nf5 Nxf5 25. Qxg4+ Ng7 26. Qxf3 Qxc5 27.
d6 cxd6 28. Qf6 Qe3 29. Rhe1 Qf4 30. Qxd6 Rf8 31. Qxa6 Bg5 32. Qc4+ Qf7 33.
Qxb4 Ne6 34. Rg1 Kh8 35. Qb5 Bf4 36. Rd7 Rg8 37. Rgd1 Qg6 38. Qd5 Ng5 39. Re1
Nf3 40. Rd1 Ng5 41. Re1 Nf3 42. Rd1 Ng5 1/2-1/2

[Event "Valasska Bystrice Open"]
[Site "?"]
[Date "2011.09.12"]
[Round "4.15"]
[White "Olsar, Zdenek"]
[Black "Jasny, Stanislav"]
[Result "0-1"]
[WhiteElo "1985"]
[BlackElo "1858"]
[PlyCount "105"]
[EventDate "2011.09.10"]

1. e4 e5 2. Nf3 Nc6 3. Bb5 Nge7 4. O-O g6 5. c3 a6 6. Ba4 Bg7 7. d4 O-O 8. dxe5
Nxe5 9. Nxe5 Bxe5 10. f4 Bg7 11. Be3 d6 12. Nd2 Be6 13. Nf3 Bg4 14. Bb3 Be6 15.
Bxe6 fxe6 16. Qb3 Qc8 17. Ng5 d5 18. Bc5 Bf6 19. exd5 exd5 20. Bxe7 Bxe7 21.
Qxd5+ Kh8 22. Rae1 Bxg5 23. Qxg5 Rf7 24. Qe5+ Kg8 25. Qd5 c6 26. Qb3 Kg7 27.
Re5 Qc7 28. Rfe1 Rd8 29. Qb4 Qd6 30. Qxd6 Rxd6 31. g3 Kf6 32. Kf2 Rfd7 33. R1e2
Rd2 34. g4 h6 35. Re6+ Kf7 36. h4 Rxb2 37. f5 gxf5 38. gxf5 Rxe2+ 39. Kxe2 Re7
40. Rxe7+ Kxe7 41. Ke3 Kf6 42. Ke4 b5 43. a3 h5 44. Kf4 a5 45. Ke4 c5 46. Kd5
b4 47. cxb4 cxb4 48. axb4 axb4 49. Kc4 Kxf5 50. Kxb4 Kg4 51. Kc3 Kxh4 52. Kd2
Kg3 53. Ke2 0-1